Flags and Banners Of The World In 1500 AD - Statistics

General Stats
  • This quiz has been taken 54 times
  • The average score is 39 of 134
Answer Stats
Picture Answer % Correct
England
100%
Scotland
98%
Kingdom of Denmark
91%
Switzerland
91%
Castille
89%
Kingdom of France
89%
Portugal
87%
Ottoman Empire
85%
Kingdom of Poland
83%
Japan
78%
Royal Prussia
76%
Republic of Venice
74%
San Marino
74%
Aragon
72%
Archduchy of Austria
72%
Kingdom of Norway
67%
Kingdom of Sweden
67%
Ming Dynasty
67%
Kingdom of Hungary
65%
Monaco
65%
Grand Duchy of Lithuania
63%
Wales
63%
Duchy of Luxembourg
61%
Kingdom of Sicily
61%
Kingdom of Sardinia
59%
Papal States
59%
Kingdom of Naples
57%
Duchy of Milan
52%
Kingdom of Bohemia
50%
Republic of Genoa
50%
Electorate of Saxony
48%
Mali Empire
48%
Navarre
48%
County of Flanders
46%
Crimean Khanate
46%
Golden Horde
46%
Ethiopian Empire
43%
Mamluk Sultanate
43%
Moldavia
43%
Free City of Hamburg
41%
Friesland
41%
Republic of Florence
39%
County of Burgundy
35%
Duchy of Savoy
35%
Landgraviate of Hesse
35%
Principality of Moscow
35%
Teutonic Order
35%
Wallachia
33%
Wattasid Dynasty
33%
Archbishopric Electorate of Cologne
30%
Delhi Sultanate
30%
Free City of Bremen
30%
Joseon
30%
Kongo
30%
Prince-Bishopric of Montenegro
28%
Republic of Pisa
28%
Palatinate
26%
Principality of Orange
26%
Aq Qoyunlu
24%
Duchy of Pomerania
24%
Duchy of Württemberg
22%
Geneva
22%
Margraviate of Moravia
22%
Republic of Ragusa
22%
Timurid Empire
22%
Bengal Sultanate
20%
Chagatai Khanate
20%
Electorate of Mainz
20%
Free City of Lübeck
20%
Kingdom of Kotte
20%
Bruneian Sultanate
17%
Duchy of Brabant
17%
Duchy of Silesia
17%
Hospitaller Rhodes
17%
Republic of Lucca
17%
County of Tyrol
15%
Free Imperial City of Nuremberg
15%
Majapahit
15%
County of Oldenburg
13%
Duchy of Lorraine
13%
Kingdom of Tlemcen
13%
Marquisate of Mantua
13%
Duchy of Schleswig
11%
Gujarat Sultanate
11%
Khanate of Kazan
11%
Kingdom of Mallorca
11%
Lordship of Perugia
11%
Makuria
11%
Prince-Bishopric of Liège
11%
Republic of Siena
11%
Bornu Empire
9%
County of Hainaut
9%
Duchy of Carinthia
9%
Duchy of Cleves
9%
Duchy of Ferrara
9%
Electorate of Trier
9%
Hanthawaddy Kingdom
9%
Khanate of Sibir
9%
Prince-Bishopric of Trent
9%
Prince-Bishopric of Utrecht
9%
Sindh Sultanate
9%
Marquisate of Montferrat
7%
Ryukyu Kingdom
7%
Alodia
4%
County of Artois
4%
Duchy of Urbino
4%
Hafsid Dynasty
4%
Kashmir Sultanate
4%
Kilwa Sultanate
4%
Marquisate of Finale
4%
Marquisate of Saluzzo
4%
Pandya Dynasty
4%
Prince-Bishopric of Regensburg
4%
Republic of Ancona
4%
Vijayanagara Empire
4%
County of Vaduz
2%
Jaffna Kingdom
2%
Lordship of Savona
2%
Republic of Cospaia
2%
Republic of Noli
2%
Ahmadnagar Sultanate
0%
Banu Sulaym
0%
Bavaria-Landshut
0%
County of Gorizia
0%
County of Ventimiglia
0%
Dithmarschen
0%
Federation of the Sette Comuni
0%
Kingdom of Imereti
0%
Kingdom of Kakheti
0%
Lordship of Piombino
0%
Marquisate of Masserano
0%
Principality of Neuchâtel
0%
Samtskhe-Saatabago
0%
Sultanate of Ternate
0%
No matching quizzes found
Score Distribution
Percent of People with Each Score
Percentile by Number Answered
Your Score History
You have not taken this quiz